000
00308nam a22001337a 4500
008
180122b xxu||||| |||| 00| 0 eng d
020
_a
9781599417042
041
_a
eng
080
_2
12 ED
_a
34
100
_a
14
101
_a
JUR
245
_a
TORTS CASES AND MATERIALS
_c
VICTOR.E.SCH
942
_2
udc
_c
BK
999
_c
40631
_d
40631